000 00536nam a22001817a 4500
999 _c6079
_d6079
003 GBCCL
005 20241126110555.0
008 180430b ||||| |||| 00| 0 eng d
040 _cgbc
082 _a920
_bMIL
100 _aMiller, Basil
_910950
245 _aYears to remember:
_bWinning my wings /
_cBasil Miller
260 _aCalifornia:
_bWorld-Wide Missions,
_c1971
300 _a134 p.;
_c15 cm.
650 _aChurch of the Nazarene
_vClergy
_xBiography
_910951
650 _aClergy
_zUnited States
_xBiography
_94577
942 _2ddc
_cBK